[Event "AUTO-MASTER-575"]
[Site "http://www.queenalice.com/game.php?id=440322"]
[Date "2008.7.28"]
[Round "1"]
[White "ccarre"]
[Black "casefoncz"]
[Result "1-0"]
[WhiteElo "2003"]
[BlackElo "2102"]

1. c4 Nf6 2. Nc3 e6 3. e4 d5 4. e5 Ne4 5. Nxe4 dxe4 6. Qg4 Be7 7. Qxe4 Bd7 8. d4
Bg5 9. Nf3 Bxc1 10. Rxc1 Bc6 11. Qg4 Bxf3 12. gxf3 O-O 13. Bd3 Nc6 14. Rd1 f5
15. exf6 Qxf6 16. Rg1 Nxd4 17. Bxh7+ Kh8 18. Rxd4 Qh6 19. Bb1 Rad8 20. Rxd8 Rxd8
21. Qg5 Qxg5 22. Rxg5 Kg8 23. Re5 Kf7 24. Ke2 Rh8 25. a4 Rxh2 26. a5 Kf6 27. Rb5
Rh1 28. Bd3 1-0

[Event "AUTO-MASTER-575"]
[Site "http://www.queenalice.com/game.php?id=440323"]
[Date "2008.7.28"]
[Round "1"]
[White "casefoncz"]
[Black "ccarre"]
[Result "1-0"]
[WhiteElo "2051"]
[BlackElo "1996"]

1. e4 c5 2. Nf3 d6 3. Bc4 Nc6 4. d4 cxd4 5. Nxd4 e6 6. Nc3 Nf6 7. Bb3 Be7 8. O-O
Bd7 9. Ndb5 Bc8 10. Bf4 e5 11. Bg5 a6 12. Bxf6 Bxf6 13. Nxd6+ 1-0

[Event "AUTO-MASTER-575"]
[Site "http://www.queenalice.com/game.php?id=440324"]
[Date "2008.7.28"]
[Round "1"]
[White "ccarre"]
[Black "GMNeny"]
[Result "0-1"]
[WhiteElo "2037"]
[BlackElo "2009"]

1. c4 e5 2. Nc3 Nf6 3. g3 Bb4 4. Bg2 c6 5. Nf3 Qe7 6. O-O Bxc3 7. bxc3 O-O 8. d3
d6 9. Rb1 b6 10. d4 Bf5 11. Rb2 Ne4 12. Bd2 Nd7 13. Nh4 Qe6 14. Nxf5 Qxf5 15. f3
Nxd2 16. Rxd2 Nf6 17. e4 Qg6 18. Bh3 Rfd8 19. dxe5 Ne8 20. exd6 Rxd6 21. Rxd6
Qxd6 22. Qd4 Rd8 23. Qe3 Qd3 24. Qxd3 Rxd3 25. Kf2 Kf8 26. Rc1 Rd2+ 27. Ke3 Rxa2
28. Bd7 Rxh2 29. Bxc6 Rh6 30. Bd5 Nc7 31. Ra1 a5 32. c5 Nxd5+ 33. exd5 bxc5 34.
Rxa5 c4 35. Rc5 Rd6 36. Kd4 Ke7 0-1

[Event "AUTO-MASTER-575"]
[Site "http://www.queenalice.com/game.php?id=440325"]
[Date "2008.7.28"]
[Round "1"]
[White "GMNeny"]
[Black "ccarre"]
[Result "0-1"]
[WhiteElo "1980"]
[BlackElo "2023"]

1. e4 c5 2. Nf3 d6 3. d4 cxd4 4. Nxd4 Nf6 5. Nc3 a6 6. Bg5 e6 7. f4 Be7 8. Qf3
Qc7 9. O-O-O h6 10. Bh4 Nbd7 11. Bd3 g5 12. fxg5 Ne5 13. Qe2 Nfg4 14. Nf3 hxg5
15. Bg3 Bd7 16. h3 Nxf3 17. Qxf3 Ne5 18. Bxe5 dxe5 19. Rhf1 Rf8 20. Kb1 O-O-O
21. Qe3 Kb8 22. Rd2 Bc6 23. Rdf2 f6 24. Ne2 Qa5 25. Nc1 Bc5 26. Qd2 Qxd2 27.
Rxd2 Bxe4 28. Rfd1 Bxd3 29. Rxd3 Rxd3 30. Rxd3 Rf7 31. a3 e4 32. Rd1 Kc7 33. g4
f5 34. gxf5 exf5 35. Rh1 f4 36. h4 g4 37. h5 f3 38. h6 Rh7 39. b4 Be3 40. c4 g3
41. Re1 Bxc1 42. Kxc1 f2 0-1

[Event "AUTO-MASTER-575"]
[Site "http://www.queenalice.com/game.php?id=440326"]
[Date "2008.7.28"]
[Round "1"]
[White "ccarre"]
[Black "TheBigSid"]
[Result "1-0"]
[WhiteElo "1982"]
[BlackElo "2095"]

1. c4 Nf6 2. Nc3 e6 3. e4 d5 4. e5 Ng8 5. Qg4 c6 6. Nf3 Ne7 7. d4 b6 8. b3 Ba6
9. Bd3 Nd7 10. O-O c5 11. Nb5 Bxb5 12. cxb5 cxd4 13. Qxd4 Rc8 14. Bg5 h6 15. Be3
Nc5 16. Rfc1 Nxd3 17. Qxd3 Nf5 18. Rxc8 Qxc8 19. Rc1 Qd7 20. Rc6 Nxe3 21. Qxe3
Bc5 22. Rxc5 O-O 23. Rc6 Rd8 24. Nd4 Qb7 25. Qc3 Qb8 26. a4 a6 27. Rc7 axb5 28.
Nxb5 d4 29. Nxd4 Kh7 30. Qc2+ Kg8 31. Nb5 1-0

[Event "AUTO-MASTER-575"]
[Site "http://www.queenalice.com/game.php?id=440327"]
[Date "2008.7.28"]
[Round "1"]
[White "TheBigSid"]
[Black "ccarre"]
[Result "1-0"]
[WhiteElo "2103"]
[BlackElo "2020"]

1. d4 Nf6 2. Nf3 e6 3. c4 d5 4. Nc3 Bb4 5. Bg5 h6 6. Bh4 dxc4 7. e3 b5 8. Ne5
Bb7 9. a4 a6 10. Be2 g5 11. Bg3 Nbd7 12. O-O Bxc3 13. bxc3 Ne4 14. Nxd7 Nxc3 15.
Nf6+ Qxf6 16. Qc2 Nxe2+ 17. Qxe2 O-O 18. Bxc7 Rac8 19. Be5 Qg6 20. axb5 axb5 21.
Ra7 Be4 22. Rc1 Bd3 23. Qb2 c3 24. Rxc3 Rxc3 25. Qxc3 Bc4 26. h3 g4 27. hxg4
Qxg4 28. Qc2 Bd5 29. g3 Qf3 30. Kf1 Qg2+ 31. Ke1 Qg1+ 32. Ke2 Bc4+ 33. Kf3 Qh1+
34. Kf4 Qh5 35. g4 Qg5+ 36. Kg3 h5 37. Qe4 Qxg4+ 38. Qxg4+ hxg4 39. Kxg4 Kh7 40.
Kg5 1-0

[Event "AUTO-MASTER-831"]
[Site "http://www.queenalice.com/game.php?id=605613"]
[Date "2009.6.18"]
[Round "1"]
[White "Penroyal"]
[Black "ccarre"]
[Result "0-1"]
[WhiteElo "2024"]
[BlackElo "2007"]

1. d4 Nf6 2. c4 e6 3. Nc3 Bb4 4. f3 c5 5. a3 Bxc3+ 6. bxc3 d6 7. e3 Nc6 8. Bd3
O-O 9. Ne2 b6 10. O-O Ba6 11. Qc2 Na5 12. Qa4 Qd7 13. Qxd7 Nxd7 14. d5 exd5 15.
Bf5 Nf6 0-1

[Event "AUTO-MASTER-831"]
[Site "http://www.queenalice.com/game.php?id=605614"]
[Date "2009.6.18"]
[Round "1"]
[White "ccarre"]
[Black "Penroyal"]
[Result "1-0"]
[WhiteElo "2009"]
[BlackElo "2119"]

1. c4 e5 2. g3 Nf6 3. Bg2 Bc5 4. e3 d5 5. cxd5 Nxd5 6. Nc3 c6 7. Nge2 Nb4 8. d4
exd4 9. exd4 Bxd4 10. O-O Bf6 11. Qb3 Be7 12. Rd1 Qb6 13. Be3 Qa6 14. Nf4 O-O
15. a3 Nd5 16. Ncxd5 cxd5 17. Nxd5 Bd8 18. Nb4 Qg6 19. Qd3 Qxd3 20. Nxd3 Nc6 21.
Rd2 Bf6 22. Bxc6 bxc6 23. Rc1 Bf5 24. Nb4 Rad8 25. Rcd1 Be4 26. Rxd8 Rxd8 27.
Rxd8+ Bxd8 28. Bxa7 Bf6 29. a4 Bxb2 30. Na6 Bd5 31. a5 Bc3 32. Bb6 Be5 33. Nc5
1-0

[Event "AUTO-MASTER-831"]
[Site "http://www.queenalice.com/game.php?id=605625"]
[Date "2009.6.18"]
[Round "1"]
[White "PROFILER"]
[Black "ccarre"]
[Result "1-0"]
[WhiteElo "2095"]
[BlackElo "2029"]

1. e4 c5 2. Nf3 d6 3. d4 cxd4 4. Nxd4 Nf6 5. Nc3 a6 6. f3 e6 7. Be3 Be7 8. Qd2
Qc7 9. O-O-O b5 10. g4 O-O 11. h4 Nbd7 12. h5 Nb6 13. g5 Nfd7 14. g6 Ne5 15.
gxh7+ Kh8 16. Qg2 Nbc4 17. Bxc4 Nxc4 18. Rhg1 Bf6 19. Bg5 Bxg5+ 20. Qxg5 f6 21.
Qg6 Ne5 22. Qg3 Ra7 23. Nce2 Nc6 24. Nf4 Nxd4 25. Rxd4 Kxh7 26. Rd2 1-0

[Event "AUTO-MASTER-831"]
[Site "http://www.queenalice.com/game.php?id=605626"]
[Date "2009.6.18"]
[Round "1"]
[White "ccarre"]
[Black "PROFILER"]
[Result "0-1"]
[WhiteElo "2024"]
[BlackElo "2061"]

1. c4 c5 2. g3 g6 3. Bg2 Bg7 4. Nc3 Nc6 5. a3 d6 6. Rb1 a5 7. Nf3 e5 8. O-O Nf6
9. d3 Be6 10. Bg5 h6 11. Bxf6 Qxf6 12. Nb5 Qe7 13. e3 O-O 0-1

[Event "AUTO-MASTER-831"]
[Site "http://www.queenalice.com/game.php?id=605633"]
[Date "2009.6.18"]
[Round "1"]
[White "ccarre"]
[Black "Tonyc"]
[Result "1-0"]
[WhiteElo "2016"]
[BlackElo "1994"]

1. c4 Nf6 2. g3 e6 3. Bg2 Nc6 4. Nf3 g6 5. O-O Bg7 6. d4 d5 7. b3 O-O 8. Nc3 h6
9. a4 a6 10. Bf4 dxc4 11. bxc4 Ne8 12. Be3 e5 13. d5 Na5 14. c5 e4 15. Nd4 Nf6
16. Nb3 Nxb3 17. Qxb3 Re8 18. Rad1 Ng4 19. Nxe4 Nxe3 20. fxe3 Bf5 21. Nd2 Qe7
22. e4 Qxc5+ 23. Kh1 Bd7 24. Rc1 Qb6 25. Qf3 Rf8 26. Nc4 Qb4 27. Ne3 Qa5 28. Ng4
Bxg4 29. Qxg4 Rad8 30. Qf4 Rd7 31. e5 Re7 32. d6 cxd6 33. exd6 Rd7 34. Rcd1 Be5
35. Qxh6 Rxd6 36. Rxd6 Bxd6 37. Bxb7 Bb4 38. e4 Bd2 39. Qh3 Qxa4 40. Bd5 a5 41.
Qg4 Qb5 42. Qxg6+ Kh8 43. Qh5+ Kg8 44. Bxf7+ Rxf7 45. Qxf7+ Kh8 46. Qf8+ Kh7 47.
Rf7+ Kg6 48. Rg7+ Kh5 49. g4+ Kh4 50. Qf2+ Kh3 51. Qg3# 1-0

[Event "AUTO-MASTER-831"]
[Site "http://www.queenalice.com/game.php?id=605634"]
[Date "2009.6.18"]
[Round "1"]
[White "Tonyc"]
[Black "ccarre"]
[Result "1-0"]
[WhiteElo "1988"]
[BlackElo "2031"]

1. e4 c5 2. Nc3 Nc6 3. Nf3 d6 4. Bc4 Nf6 5. h3 e6 6. O-O Be7 7. a3 O-O 8. d3 a6
9. Be3 b5 10. Bb3 Qc7 11. Qd2 Bb7 12. Rfe1 Rad8 13. Qe2 Rfe8 14. Bf4 Nd4 15.
Nxd4 cxd4 16. Nb1 a5 17. Rc1 a4 18. Ba2 Rc8 19. Nd2 Qb6 20. Nf3 Red8 21. Qd2 Rd7
22. Bh2 d5 23. e5 Ne8 24. Qf4 Bc5 25. Kh1 Rdc7 26. Qd2 b4 27. axb4 Bxb4 28. Qe2
Bf8 29. Rab1 Ba6 30. Bf4 Rc6 31. Ne1 f5 32. exf6 gxf6 33. Bd2 Ng7 34. Qg4 Qd8
35. Qxd4 Bc5 36. Qh4 Nf5 37. Qg4+ Kh8 38. Kg1 Qb6 39. Qf3 Rg8 40. Bc3 Rg6 41.
Bxd5 Bxf2+ 42. Qxf2 Qxf2+ 43. Kxf2 exd5 44. Bb4 Nh4 45. Ra1 Bb5 46. c4 dxc4 47.
dxc4 Bxc4 48. Rxa4 Bd5 49. Rxc6 Bxc6 50. Ra6 Bxg2 51. Bc3 Bd5 52. Rd6 1-0

[Event "AUTO-MASTER-1928"]
[Site "http://www.queenalice.com/game.php?id=1208949"]
[Date "2013.8.17"]
[Round "1"]
[White "ccarre"]
[Black "Perro"]
[Result "1-0"]
[WhiteElo "2076"]
[BlackElo "1989"]

1. e4 e5 2. Nf3 Nf6 3. Nxe5 d6 4. Nf3 Nxe4 5. Nc3 Nxc3 6. dxc3 Be7 7. Be3 O-O 8.
Qd2 Nd7 9. O-O-O a6 10. c4 Nc5 11. Nd4 Ne6 12. Bd3 Nc5 13. f4 Nxd3+ 14. Qxd3 c5
15. Nf5 Bxf5 16. Qxf5 Qc7 17. g4 b5 18. Qd5 bxc4 19. Qxc4 Rfb8 20. c3 Qb7 21.
Qe2 1-0

[Event "AUTO-MASTER-1928"]
[Site "http://www.queenalice.com/game.php?id=1208950"]
[Date "2013.8.17"]
[Round "1"]
[White "Perro"]
[Black "ccarre"]
[Result "0-1"]
[WhiteElo "2003"]
[BlackElo "2062"]

1. e4 Nf6 2. e5 Nd5 3. d4 d6 4. Nf3 g6 5. Bc4 Nb6 6. Bb3 Bg7 7. exd6 cxd6 8. c3
O-O 9. Bf4 Nc6 10. h3 a5 11. a3 Bf5 12. O-O a4 13. Ba2 Na5 14. Nbd2 Bd3 15. Re1
Ba6 16. Bg5 Re8 17. Nf1 Nac4 18. Qc2 Qc7 19. Ne3 h6 20. Bf4 Nxe3 0-1

[Event "AUTO-MASTER-1928"]
[Site "http://www.queenalice.com/game.php?id=1208951"]
[Date "2013.8.17"]
[Round "1"]
[White "ccarre"]
[Black "docb"]
[Result "1-0"]
[WhiteElo "2028"]
[BlackElo "2024"]

1. e4 Nc6 2. d4 d5 3. e5 Bf5 4. Bb5 a6 5. Bxc6+ bxc6 6. Nd2 e6 7. g4 Bg6 8. h4
h5 9. g5 c5 10. c3 cxd4 11. Qa4+ Qd7 12. Qxd7+ Kxd7 13. cxd4 Bb4 14. a3 Bxd2+
15. Bxd2 Ne7 16. Bb4 Nf5 17. Bc5 Rhb8 18. O-O-O Rb3 19. Ne2 Rab8 20. Rd2 Rf3 21.
Rh2 Rbb3 22. Rd1 Rh3 23. Rdh1 Rhf3 24. Nc3 Ne7 25. Re1 Nc6 26. Re3 Rf4 27. Nxd5
Rxe3 28. Nxf4 Re1+ 29. Kd2 Rb1 30. Nxg6 fxg6 31. Kc2 Rf1 32. b4 a5 33. b5 Nd8
34. Bf8 Ra1 35. Bc5 Nb7 36. Kb2 Rd1 37. Ba7 a4 38. Kc3 Na5 39. Kb4 Nb3 40. Kxa4
Nxd4 41. Bxd4 Rxd4+ 42. Ka5 Re4 43. a4 Rxe5 44. Ka6 Kc8 45. Rh3 Re4 46. a5 e5
47. Rf3 Rxh4 48. Rf8+ Kd7 49. Kb7 Rf4 50. Rxf4 exf4 51. a6 h4 52. a7 1-0

[Event "AUTO-MASTER-1928"]
[Site "http://www.queenalice.com/game.php?id=1208952"]
[Date "2013.8.17"]
[Round "1"]
[White "docb"]
[Black "ccarre"]
[Result "0-1"]
[WhiteElo "2000"]
[BlackElo "2013"]

1. e4 Nf6 2. Nc3 d5 3. exd5 Nxd5 4. Nge2 Bg4 5. f3 Bh5 6. Nxd5 Qxd5 7. Nc3 Qe5+
8. Be2 Nc6 9. O-O e6 10. Bb5 Bc5+ 11. Kh1 O-O 12. Bxc6 bxc6 13. Ne4 Bd6 14. g3
Rad8 15. d4 Qd5 16. Bg5 f6 17. Be3 Rfe8 18. b3 e5 19. c4 Qxe4 20. fxe4 Bxd1 21.
Raxd1 exd4 22. Bxd4 Rxe4 23. Rf2 Be5 24. Rdf1 Rexd4 0-1

[Event "AUTO-MASTER-1928"]
[Site "http://www.queenalice.com/game.php?id=1208953"]
[Date "2013.8.17"]
[Round "1"]
[White "ccarre"]
[Black "CCapivara"]
[Result "1-0"]
[WhiteElo "2045"]
[BlackElo "2058"]

1. e4 d6 2. d4 Nf6 3. Nc3 c6 4. Bg5 Nbd7 5. Nf3 e5 6. Be2 Be7 7. Qd2 O-O 8.
O-O-O Qc7 9. Kb1 b5 10. Bd3 a5 11. g4 a4 12. Bxf6 Nxf6 13. g5 Nh5 14. dxe5 dxe5
15. Ne2 b4 16. Bc4 Qb6 17. Nxe5 Qc5 18. Qd4 Qxd4 19. Nxd4 Bxg5 20. Ndxc6 Bb7 21.
Bxf7+ Rxf7 22. Nxf7 Bxc6 23. Nxg5 h6 24. Ne6 Bxe4 25. Rhe1 Bg6 26. Rg1 Kh7 27.
Rd8 Rxd8 28. Nxd8 b3 29. Rxg6 bxc2+ 30. Kxc2 Kxg6 31. b4 axb3+ 32. Kxb3 Nf4 33.
a4 Nd3 34. a5 Kf5 35. Kc4 Ne5+ 36. Kd5 g5 37. a6 Nd7 38. Kd6 Nb6 39. Kc7 Na8+
40. Kb7 Kf4 41. Kxa8 Kf3 42. Kb7 1-0

[Event "AUTO-MASTER-1928"]
[Site "http://www.queenalice.com/game.php?id=1208954"]
[Date "2013.8.17"]
[Round "1"]
[White "CCapivara"]
[Black "ccarre"]
[Result "1/2-1/2"]
[WhiteElo "2068"]
[BlackElo "2044"]

1. e4 Nf6 2. e5 Nd5 3. c4 Nb6 4. c5 Nd5 5. Nc3 Nxc3 6. dxc3 Nc6 7. Nf3 e6 8. Be3
b6 9. cxb6 axb6 10. Bd3 Bb7 11. O-O Be7 12. Re1 Ra5 13. Bf4 Qa8 14. a3 Ra4 15.
Bg3 h5 16. h3 h4 17. Bh2 g5 18. Qd2 g4 19. hxg4 Rxg4 20. Kf1 Na5 21. Be2 Nb3 22.
Qe3 Nxa1 23. Rxa1 Rhg8 24. g3 Re4 25. Qd3 Ba6 26. Qxa6 Qxa6 27. Bxa6 d6 28. exd6
Bxd6 29. Nxh4 Rxh4 30. gxh4 Bxh2 31. Ke2 Rh8 32. Rd1 Rxh4 33. Bb5+ Ke7 34. Rh1
Bg3 35. Rxh4 1/2-1/2

[Event "AUTO-MASTER-1928"]
[Site "http://www.queenalice.com/game.php?id=1233679"]
[Date "2013.11.20"]
[Round "2"]
[White "artegasparphb"]
[Black "ccarre"]
[Result "1/2-1/2"]
[WhiteElo "2187"]
[BlackElo "2124"]

1. d4 d5 2. Nf3 Nf6 3. Bg5 e6 4. e3 Be7 5. Bd3 c5 6. dxc5 Bxc5 7. O-O O-O 8.
Nbd2 Nc6 9. a3 h6 10. Bh4 a5 11. Nb3 Be7 12. Qe2 e5 13. Bb5 Bg4 14. h3 Bh5 15.
Bxf6 Bxf6 16. g4 Bg6 17. c3 e4 18. Nfd4 Ne5 19. Nc5 b6 20. Ncb3 a4 21. Nd2 Ra5
22. f4 exf3 23. N2xf3 Qd6 24. Nxe5 Qxe5 25. Qf2 Qe4 26. Rad1 Bg5 27. Rfe1 Rxb5
28. Nxb5 f5 29. Nd6 Qe6 30. Nxf5 Bxf5 31. gxf5 Rxf5 32. Qg3 Bf6 33. Qb8+ Kh7 34.
Rd2 Be5 35. Qb7 Bg3 36. Rg2 Rg5 37. h4 Bxh4 38. Re2 Rxg2+ 39. Rxg2 Qxe3+ 40. Kh1
Qe1+ 41. Kh2 Qe5+ 42. Kh1 Qe1+ 1/2-1/2

[Event "AUTO-MASTER-1928"]
[Site "http://www.queenalice.com/game.php?id=1233680"]
[Date "2013.11.20"]
[Round "2"]
[White "ccarre"]
[Black "artegasparphb"]
[Result "1-0"]
[WhiteElo "2110"]
[BlackElo "2193"]

1. e4 d5 2. exd5 Qxd5 3. Nc3 Qd8 4. d4 e6 5. Nf3 Be7 6. Bf4 Nf6 7. Bd3 a6 8. Qd2
O-O 9. O-O-O Nc6 10. Ne4 Nd5 11. g4 Ncb4 12. Ne5 f5 13. gxf5 exf5 14. Nc5 Nxf4
15. Qxb4 Qe8 16. Qb3+ Kh8 17. Bc4 g6 18. Rhe1 Kg7 19. Qg3 Nh5 20. Qf3 Bd6 21.
Nf7 Qc6 22. Qxc6 bxc6 23. Ne5 Nf6 24. Nxc6 Bxh2 25. Re7+ Kh8 26. Ne5 Bxe5 27.
dxe5 Ng4 28. f3 Ne3 29. Rh1 h5 30. Bf7 Rd8 31. Bxg6 Kg8 32. Bxh5 f4 33. Rg1+ Kh8
34. Bg6 Kg8 35. Be4+ Kf8 36. Rh7 Bf5 37. Bxf5 Nxf5 38. Ne6+ Ke8 39. Rg8# 1-0

[Event "AUTO-MASTER-1928"]
[Site "http://www.queenalice.com/game.php?id=1233683"]
[Date "2013.11.20"]
[Round "2"]
[White "OvercoME"]
[Black "ccarre"]
[Result "0-1"]
[WhiteElo "2039"]
[BlackElo "2100"]

1. d4 d5 2. Bg5 h6 3. Bh4 c6 4. c3 Qb6 5. Qc2 Bg4 6. Nd2 Nd7 7. Ngf3 Ngf6 8.
O-O-O e6 9. e4 dxe4 10. Nxe4 Nxe4 11. Qxe4 Bf5 12. Qe3 Qa5 13. Bc4 Nb6 14. Bb3
Nd5 15. Qd2 Bd6 16. Bg3 Be7 17. h4 b5 18. Ne5 Rc8 19. Rde1 O-O 20. Nd3 Rfd8 21.
f4 c5 22. Bxd5 cxd4 23. Bxe6 Bxe6 24. b4 Qa3+ 25. Kb1 dxc3 26. Qc2 Rxd3 27. Re2
Bf5 28. Ka1 Bf6 29. Qc1 Qxc1+ 30. Rxc1 c2+ 31. Re5 Rxg3 32. Kb2 Bxe5+ 33. fxe5
Rxg2 0-1

[Event "AUTO-MASTER-1928"]
[Site "http://www.queenalice.com/game.php?id=1233684"]
[Date "2013.11.20"]
[Round "2"]
[White "ccarre"]
[Black "OvercoME"]
[Result "1-0"]
[WhiteElo "2085"]
[BlackElo "2054"]

1. e4 e6 2. d4 b6 3. Nc3 Bb7 4. Bd3 d6 5. Nge2 Nf6 6. O-O Be7 7. h3 Nbd7 8. f4
c5 9. e5 dxe5 10. fxe5 Nd5 11. Nxd5 Bxd5 12. c4 Bb7 13. Nf4 cxd4 14. Qh5 g6 15.
Nxg6 hxg6 16. Qxh8+ Nf8 17. Qg8 Kd7 18. Qxf7 Qc7 19. Bg5 Re8 20. Bxe7 Rxe7 21.
Qxf8 Qxe5 22. Rae1 Qg5 23. Be4 Ba6 24. b3 b5 25. Rf7 bxc4 26. Qxe7+ Qxe7 27.
Rxe7+ Kxe7 28. bxc4 Bxc4 29. Kf2 g5 30. a3 Kd6 31. Rd1 e5 32. Kf3 Be6 33. Rb1
Kc7 34. Rb7+ Kd6 35. Rxa7 Kc5 36. Ra5+ 1-0

[Event "AUTO-MASTER-1928"]
[Site "http://www.queenalice.com/game.php?id=1233685"]
[Date "2013.11.20"]
[Round "2"]
[White "FabioDavid"]
[Black "ccarre"]
[Result "1-0"]
[WhiteElo "2519"]
[BlackElo "2089"]

1. e4 Nf6 2. e5 Nd5 3. d4 d6 4. Nf3 Bg4 5. Be2 e6 6. c4 Nb6 7. O-O Nc6 8. exd6
cxd6 9. d5 exd5 10. cxd5 Bxf3 11. Bxf3 Ne5 12. Be4 Be7 13. Nc3 O-O 14. f4 Ng6
15. Qd3 Bf6 16. Be3 Rc8 17. Bf5 Rc7 18. Bxb6 axb6 19. Nb5 Re7 20. Rac1 Qb8 21.
g3 Rfe8 22. Rf2 Nf8 23. Rfc2 g6 24. Rc8 1-0

[Event "AUTO-MASTER-1928"]
[Site "http://www.queenalice.com/game.php?id=1233686"]
[Date "2013.11.20"]
[Round "2"]
[White "ccarre"]
[Black "FabioDavid"]
[Result "0-1"]
[WhiteElo "2087"]
[BlackElo "2509"]

1. e4 e5 2. Nf3 Nc6 3. Bc4 Nf6 4. d4 exd4 5. e5 d5 6. Bb5 Ne4 7. Nxd4 Bd7 8.
Bxc6 bxc6 9. O-O Bc5 10. Be3 Qe7 11. f3 Nd6 12. f4 O-O 13. Qd3 Nc4 14. Nd2 Nxb2
15. Qc3 Na4 16. Qa5 Bxd4 17. Bxd4 c5 18. Bf2 Rfc8 19. Rae1 d4 20. f5 Rab8 21. f6
Qe6 22. Ne4 Bb5 23. fxg7 Bxf1 24. Nf6+ Kxg7 25. Kxf1 Qc4+ 26. Kg1 Qxc2 0-1